000 00724cam a22002413a 4500
001 16303
003 PGUSA
005 20140828083340.0
008 050715s2005||||xxu|||||s|||||000 1 eng d
040 _aPGUSA
_beng
042 _adc
050 4 _aPS
100 1 _aSimms, William Gilmore,
_d1806-1870
245 1 0 _aGuy Rivers :
_bA Tale of Georgia
_h[electronic resource] /
_cWilliam Gilmore Simms
260 _bProject Gutenberg,
_c2005
506 _aPublic domain in the USA.
516 _aElectronic text
653 _aGold mines and mining -- Fiction
653 _aGeorgia -- History -- 1775-1865 -- Fiction
830 0 _aProject Gutenberg
_v16303
856 4 0 _uhttp://www.gutenberg.org/ebooks/16303
942 _cEB
999 _c245558
_d245558